| 000 | 00572nam a2200181 i 4500 | ||
|---|---|---|---|
| 001 | 91606 | ||
| 003 | ES-MaACL | ||
| 005 | 20230906180749.0 | ||
| 007 | t| | ||
| 008 | 050131s1971 sp ||||1| spa d | ||
| 110 | 0 | 0 |
_aEspaña. _tLeyes, etc. _9184149 |
| 245 | 1 | 0 | _aLey Sindical aprobada por las Cortes Españolas... 16 de febrero de 1971. |
| 260 |
_a[S.l. : _bs.n., _c1971] ( _eMadrid : _fFerreira Impr.) |
||
| 300 |
_a16 h. : _bil. ; _c38 cm. |
||
| 500 | _aEs tirada a partede: "Tiempo Nuevo", año XVII. | ||
| 852 |
_aES-MaACL _jA-5553 _bR.77428 |
||
| 999 |
_c91606 _d91606 |
||